00422 2200169 4500001002100000008004100021035002000062245003400082100000800116260003500124300001200159020001800171084001400189082000800203650002200211990001900233INLIS000000000001092 ind  a0010-0724001092 aThe Designer KidsbEarthcxxx axxx bMinistry of national education a75 hlm. a979-462-703-8 a550 EAR T a550 aIlmu tentang Bumi aP29/CP/24/1092